000
00239nam a22001097a 4500
008
180803b xxu||||| |||| 00| 0 eng d
082
_a
813.52
245
_a
Residential design
_c
SDC
260
_c
2009
300
_a
1
_f
DVD
942
_2
ddc
_c
MX
999
_c
46789
_d
46789